[Event "Mazowiec-chT op 1617"]
[Site "Warsaw"]
[Date "2017.01.29"]
[Round "8.15"]
[White "Czerwinski, Bartlomiej"]
[Black "Kuznik, Kamil"]
[Result "1-0"]
[WhiteElo "1097"]
[BlackElo "1301"]
[PlyCount "57"]
[EventDate "2016.12.11"]
[EventType "team-swiss"]
[EventRounds "10"]
[EventCountry "POL"]
[SourceTitle "EXT 2019"]
[Source "ChessBase"]
[SourceDate "2018.10.10"]
[SourceVersion "1"]
[SourceVersionDate "2018.10.10"]
[SourceQuality "1"]

1. d4 Nf6 2. c4 e6 3. Nc3 d5 4. Nf3 Be7 5. g3 0-0 6. Bg2 b6 7. Bg5 Bb7 8. cxd5 exd5 9. 0-0 Nbd7 10. e3 Ne4 11. Bxe7 Qxe7 12. Qb3 Ndf6 13. Rac1 Rfe8 14. Qc2 a6 15. Nxe4 dxe4 16. Ne5 c5 17. Nc4 Qe6 18. dxc5 bxc5 19. Rfd1 Bd5 20. b3 h6 21. Bf1 Nd7 22. a4 Rac8 23. Rd2 Nf6 24. Qc3 Red8 25. Qa5 Kh7 26. Nb6 Ra8 27. Nxd5 Nxd5 28. Bc4 Qf5 29. Rcd1 1-0

[Event "Mazowiec-chT op 1617"]
[Site "Warsaw"]
[Date "2017.01.29"]
[Round "7.11"]
[White "Czerwinski, Bartlomiej"]
[Black "Stepien, Pawel"]
[Result "0-1"]
[WhiteElo "1097"]
[BlackElo "1452"]
[PlyCount "94"]
[EventDate "2016.12.11"]
[EventType "team-swiss"]
[EventRounds "10"]
[EventCountry "POL"]
[SourceTitle "EXT 2019"]
[Source "ChessBase"]
[SourceDate "2018.10.10"]
[SourceVersion "1"]
[SourceVersionDate "2018.10.10"]
[SourceQuality "1"]

1. c4 Nf6 2. d4 g6 3. Nf3 Bg7 4. g3 d6 5. Bg5 0-0 6. Bg2 c6 7. 0-0 Qb6 8. Qb3 h6 9. Bxf6 Bxf6 10. Qxb6 axb6 11. Nc3 Be6 12. b3 Bg4 13. Rad1 c5 14. e3 cxd4 15. exd4 Nc6 16. h3 Bxf3 17. Bxf3 Bxd4 18. Na4 Bc5 19. Rfe1 Rfe8 20. Nc3 Bb4 21. Re3 Bxc3 22. Rxc3 Rxa2 23. Re3 Kf8 24. Bd5 Rb2 25. Rf3 f6 26. h4 h5 27. Re3 Ra8 28. Rde1 e5 29. f3 Ra3 30. f4 Rbxb3 31. Rxb3 Rxb3 32. fxe5 dxe5 33. Rf1 Ke7 34. Kh2 Rc3 35. Rb1 Kd6 36. Rxb6 Kc7 37. Rb5 b6 38. Rb2 Ne7 39. Bf7 e4 40. Re2 f5 41. Kg2 Rd3 42. Rb2 Kc6 43. Rb5 Rd6 44. Be8+ Kc7 45. Bf7 Rf6 46. Be8 Kd8 47. Bxg6 Rxg6 0-1